000 00804nas a2200253 i 4500
001 189805
003 ES-MaACL
005 20250724062615.0
008 191127d20052008sp m| p | b||pa d
245 0 0 _aPapeles del Ateneo Ciudad de Plasencia.
260 _aPlasencia (Cáceres) :
_bAteneo Ciudad de Plasencia,
_c2005-[2008]
300 _av. :
_bil. ;
_c30 cm.
310 _aMensual,
_bsept. 2007
321 _aBimestral
362 0 _aN. 1 (marzo 2005)-n. 14 (oct. 2008)
590 0 _aDescripción basada en: N. 1 (marzo 2005)
594 _aTít. tomado de cubierta.
610 2 4 _aAteneo de Plasencia.
_9168913
650 7 _aCultura
_2embne
_9170963
710 2 _aAteneo de Plasencia.
_9168913
852 _aES-MaACL
_jHem-1982
866 0 _o(2005)2006-07(2008)
999 _c189805
_d189805